000
00280nam a2200109Ia 4500
008
230907s9999||||xx |||||||||||||| ||und||
082
_a
333.79323
_b
SHA
245
0
_a
Restructured electrical power systems :
260
_a
CRC,
_b
Boca Raton :
_c
2018
300
_a
510 p.
942
_c
BK
999
_c
601533
_d
601533